Normal view
MARC view
- تاليف مصطفى، أسامة نعيم؛ تدقيق لغوي ياسر خالد سلامة
Entry Personal Name
001 - CONTROL NUMBER
- control field: 39453
003 - CONTROL NUMBER IDENTIFIER
- control field: JO-AjAnu
005 - DATE AND TIME OF LATEST TRANSACTION
- control field: 20230606080548.0
008 - FIXED-LENGTH DATA ELEMENTS
- fixed length control field: 230606|| aca||aabn | a|a d
040 ## - CATALOGING SOURCE
- Original cataloging agency: JO-AjAnu
- Transcribing agency: JO-AjAnu
100 ## - HEADING--PERSONAL NAME
- Personal name: تاليف مصطفى، أسامة نعيم؛ تدقيق لغوي ياسر خالد سلامة
670 ## - SOURCE DATA FOUND
- Source citation: Work cat.: (JO-AjAnu)20231: تاليف مصطفى، أسامة نعيم؛ تدقيق لغوي ياسر خالد سلامة, author, إصلاح النساء في العقيدة والطهارة والصلاة والآداب والسلوك